Trivia Pyramid: Literature Quiz Stats

 Plays Quiz Updated Jun 29, 2019

Score 0/30 Timer 04:00
21 Plays Today
% Correct
Who is the narrator and
protagonist of The
Catcher in the Rye<
100%
Which Dr. Seuss character
'hatches the egg' and
'hears a Who'?
100%
What post-apocalyptic
nation is the setting
of The Hunger Games<
100%
'Call me Ishmael' is
the opening sentence
of which novel?
100%
What is the name of the
school that Harry Potter
attends?
100%
Which character wears
the letter 'A' in
The Scarlet Letter<
96.1%
Stuart Little<
92.4%
What is the first name
of Jem and Scout's father
in To Kill a Mockingbird<
91.8%
Shakespearean, Petrarchan,
and Spenserian are types
of which 14-line poem?
90.5%
Horton the Elephant
89.8%
Hogwarts
88%
What is the only novel
published by American poet
and novelist Sylvia Plath?
86.7%
Moby-Dick; or The Whale<
86.5%
Who is the first character
to be killed in
Romeo and Juliet<
83.7%
Who wrote both The
Hunchback of Notre Dame<
82.7%
% Correct
Sonnet
79.3%
What is the title of
Stephen King's first
book, published in 1974?
78.1%
Atticus
77.5%
Victor Hugo
74.3%
Which playwright wrote
the farce The Importance
of Being Earnest<
74.3%
E.B. White
73.6%
Holden Caulfield
73.2%
Panem
70.4%
What word does The Raven
repeat throughout Edgar
Allan Poe's poem?
68.5%
The Bell Jar<
68.4%
Mercutio
67.9%
Hester Prynne
67.3%
Carrie<
64.8%
Oscar Wilde
64.5%
Nevermore
58.5%

You're not logged in!

Compare scores with friends on all Sporcle quizzes.
OR
Log In

Show Comments

Extras

Top Quizzes Today


Score Distribution

Your Account Isn't Verified!

In order to create a playlist on Sporcle, you need to verify the email address you used during registration. Go to your Sporcle Settings to finish the process.

Report this User

Report this user for behavior that violates our Community Guidelines.

Details: